000 00302 a2200145 4500
001 163978
020 _a
040 _cMagnum
100 _aSypriano, Lilian
240 1 0 _aMinha amiga sereia
_lpor
245 1 0 _aMinha amiga sereia
362 0 _a1899
697 _aI/AVENTURA, CRIANCAS
942 _cBK
999 _c163978
_d163978